Deutschrap errate den Song - Statistiken

Allgemein
  • Dieses Quiz wurde 201 mal gespielt
  • Das Durchschnittsergebnis liegt bei 2 aus 15
Antwortstatistiken
Hint Antwort % Korrekt
Raf Camora, Bonez MC Sommer
74%
Rin Alien
27%
Dardan, Luciano Airmax gegen Kopf
21%
Samra Cataleya
18%
Ufo361, Raf Camora Paradies
14%
Makko Pueblo
9%
Amaru, Gringo Bamba Blonde Chaya
8%
Ufo361, Sonus030 Games
7%
Pashanim Bagchaser Can
4%
Capital Bra One Night Stand
4%
Pashanim Saka Wasser
3%
Raf Camora Anna
2%
Ufo361 Nur zur Info
2%
Lucio101, Omar101 Spaceship
2%
Rin Ich will dass du mich brauchst
1%
Keine übereinstimmenden Quizze gefunden
Verteilung der Resultate
Anzahl Personen mit jedem Resultat
Perzentil nach korrekt beantworteten Fragen
Ihre Resultats-Entwicklung
Sie haben dieses Quiz noch nicht gespielt